| Tag |
First Indicator |
Second Indicator |
Subfields |
| LEADER |
00000cam a2200000 i 4500 |
| 001 |
in00000022945 |
| 005 |
20151007064216.0 |
| 008 |
760604s1959 enk 00000 eng |
| 010 |
|
|
|a 62003007
|
| 035 |
|
|
|a (OCoLC)02212222
|
| 035 |
|
|
|9 AAD9310AM
|
| 040 |
|
|
|a DLC
|c AZS
|d TXA
|d UtOrBLW
|
| 041 |
0 |
|
|a eng
|a fre
|
| 049 |
|
|
|a TXAM
|c [322103]
|
| 050 |
0 |
0 |
|a PQ2260.G36
|b F6 1959
|
| 082 |
0 |
|
|a 841.7
|
| 092 |
|
|
|a 841
|b G357f
|
| 100 |
1 |
|
|a Nerval, Gérard de,
|d 1808-1855.
|
| 245 |
1 |
0 |
|a Fortune's fool :
|b thirty-five poems /
|c With English translations and an introd. by Brian Hill.
|
| 264 |
|
1 |
|a London :
|b R. Hart-Davis,
|c 1959.
|
| 300 |
|
|
|a 63 pages ;
|c 23 cm.
|
| 336 |
|
|
|a text
|b txt
|2 rdacontent
|
| 337 |
|
|
|a unmediated
|b n
|2 rdamedia
|
| 338 |
|
|
|a volume
|b nc
|2 rdacarrier
|
| 999 |
|
|
|a MARS
|
| 999 |
f |
f |
|s a68b5478-f02e-35de-904f-02bd75bd3a16
|i 2e93e858-b36f-34af-bad6-3e80efbad9b9
|t 0
|
| 952 |
f |
f |
|p ric
|a Texas A&M University
|b Rellis Campus
|c Joint Library Facility
|d Remote Storage
|t 0
|e PQ2260.G36 F6 1959
|h Library of Congress classification
|i unmediated -- volume
|m A14801362957
|
| 998 |
f |
f |
|a PQ2260.G36 F6 1959
|t 0
|l Remote Storage
|